书目信息 |
| 题名: |
高等代数解题方法
|
|
| 作者: | 许甫华 , 张贤科 编著 | |
| 分册: | ||
| 出版信息: | 北京 清华大学出版社 2001.09 |
|
| 页数: | 418页 | |
| 开本: | 26cm | |
| 丛书名: | ||
| 单 册: | ||
| 中图分类: | O15 | |
| 科图分类: | ||
| 主题词: | 代数 , 数论 , 组合数学 | |
| 电子资源: | ||
| ISBN: | 7-302-04533-X | |
| 000 | 00656nam0 2200229 45 | |
| 001 | 0238250958 | |
| 005 | 2002061010373022 | |
| 010 | @a7-302-04533-X@dRMB 29.80 | |
| 100 | @a20020610d2001 km y0chiy0120 ea | |
| 101 | 0 | @achi |
| 102 | @aCN@b110000 | |
| 200 | 1 | @a高等代数解题方法@AGao Deng Dai Shu Jie Ti Fang Fa@f许甫华,张贤科编著@Fxu fu hua,zhang xian ke bian zhu |
| 210 | @a北京@c清华大学出版社@d2001.09 | |
| 215 | @a418页@d26cm | |
| 606 | 0 | @a代数 |
| 606 | 0 | @a数论 |
| 606 | 0 | @a组合数学 |
| 690 | @aO15@v3 | |
| 701 | 0 | @a许甫华@Axu fu hua@4编著 |
| 701 | 0 | @a张贤科@Azhang xian ke@4编著 |
| 801 | 0 | @aCN@bPFT@c20020610 |
| 905 | @a安徽大学@dO15@eX860 | |
| 高等代数解题方法/许甫华,张贤科编著.-北京:清华大学出版社,2001.09 |
| 418页;26cm |
| ISBN 7-302-04533-X:RMB 29.80 |
| ● |
| 相关链接 |
|
|
|
正题名:高等代数解题方法
索取号:O15/X860
 
预约/预借
| 序号 | 登录号 | 条形码 | 馆藏地/架位号 | 状态 | 备注 |
| 1 | 360150 | 203601502 | 自科库401/401自科库 40排6列2层/ [索取号:O15/X860] | 在馆 | |
| 2 | 360151 | 203601511 | 自科库401/401自科库 40排6列2层/ [索取号:O15/X860] | 在馆 |